Komentár k zmenám zákona o dani z príjmov

Pokračovanie príspevku o zmenách v zákone o dani z príjmov. Prehľad zmien, ktoré ovplyvnia daňovú povinnosť v rámci dane z príjmov za rok 2006 a ďalšie roky.

Gespeichert in:
Bibliographische Detailangaben
1. Verfasser: Borodovčák, Michal
Format: Buchkapitel
Sprache:Slowakisch
Schlagworte:
Tags: Tag hinzufügen
Keine Tags, Fügen Sie das erste Tag hinzu!

MARC

LEADER 00000naa$a2200000$$$4500
001 0038966
005 20231109114249.7
041 0 |a slo 
044 |a SK 
245 1 0 |a Komentár k zmenám zákona o dani z príjmov  |c Michal Borodovčák 
520 |a Pokračovanie príspevku o zmenách v zákone o dani z príjmov. Prehľad zmien, ktoré ovplyvnia daňovú povinnosť v rámci dane z príjmov za rok 2006 a ďalšie roky. 
610 2 0 |a dane z príjmov 
610 2 0 |a komentáre 
610 2 0 |a Slovensko 
610 2 0 |a daňovníci 
610 2 0 |a sadzby daňové 
610 2 0 |a priznania daňové 
100 1 |a Borodovčák, Michal